000 003860000a22001570004500
003 LK-CoMWRAF
008 230817t ||||| |||| 00| 0 eng d
040 _aLK-CoMWRAF
_dLK-CoMWRAF
_eLK-CoMWRAF
041 _aeng
082 _a700
_bETH
245 _aEthnicity and social change in Sri lanka
_b
260 _aColombo
_bSSA
_c1984
300 _ap.202
650 _aSRI LANKA
942 _cBK
999 _c2036
_d2036